| 000 | 00633nam a2200241 a 4500 | ||
|---|---|---|---|
| 001 | 0001-0981 | ||
| 003 | ELIB.Books | ||
| 008 | 140918 2010 eng | ||
| 020 | _a0915166305 | ||
| 035 | _a(ELIB.Books)0001-1135 | ||
| 092 |
_a301.42 _bFis |
||
| 100 | _aFisher, Bruce | ||
| 245 |
_aRebuilding: _bWhen Your Relationship Ends |
||
| 260 |
_aCalifornia _bImpact Publishers _c1981 |
||
| 300 |
_a204 _c20.5 Cm |
||
| 500 | _aDr. Yahalaylayla | ||
| 650 | _aInterpersonal Relations | ||
| 856 |
_nKBTS; Library _uKBTS; Elib. |
||
| 942 |
_2ddc _cBK |
||
| 990 | _a1 | ||
| 998 |
_cbat _e2014-09-18 |
||
| 999 |
_c10981 _d10981 |
||